Κατάλογος Βιβλιοθηκών Mediterranean College

Visual Perception / Physiology, Psychology and Ecology (Record no. 52)

MARC details
000 -LEADER
fixed length control field 01327cam a22002294a 4500
005 - ΗΜΕΡΟΜΗΝΙΑ ΚΑΙ ΩΡΑ ΤΕΛΕΥΤΑΙΑΣ ΕΝΗΜΕΡΩΣΗΣ
Πεδίο ελέγχου 20250605163922.0
008 - FIXED-LENGTH DATA ELEMENTS--GENERAL INFORMATION
Πεδίο ελέγχου σταθερού μήκους 250528s ||||||||||||||||||||||||d
035 ## - SYSTEM CONTROL NUMBER
System control number 14419
020 ## - ISBN
ISBN 1841692387
040 ## - ΠΗΓΗ ΚΑΤΑΛΟΓΟΓΡΑΦΗΣΗΣ
Φορέας πρωτότυπης καταλογογράφησης MC Athens Campus Library
Γλώσσα καταλογογράφησης Ελληνικά, Μοντέρνα (1453-)
Modifying agency MC Athens Campus Library
Κανόνες περιγραφικής καταλογογράφησης AACR2
245 1# - ΤΙΤΛΟΣ ΚΑΙ ΔΗΛΩΣΗ ΥΠΕΥΘΥΝΟΤΗΤΑΣ
Τίτλος Visual Perception / Physiology, Psychology and Ecology
250 ## - EDITION STATEMENT
Edition statement 4th
260 ## - PUBLICATION, DISTRIBUTION, ETC.
Name of publisher, distributor, etc. Psychology Press, Ltd,
Date of publication, distribution, etc. 2003
300 ## - PHYSICAL DESCRIPTION
Extent 484
520 ## - SUMMARY, ETC.
Summary, etc. The book provides the most up-to-date text on vision on the market. Preface, The Physiological Basis of Visual Perception, Light and Eyes, The Neurophysiology of the Retina, Visual Pathways in the Brain, Vision for Awareness, Approaches to the Psychology of Visual Perception, Images and Filters and Features: The Primal Sketch, Perceptual Organization, Seeing a 3-D World, The Computation of Image Motion, Object Recognition, Vision for Action, Introduction to the Ecological Approach to Visual Perception, Optic Flow and Locomotion, Vision and the Timing of Actions, Perception of the Social World, Conclusions, Contrasting Theories of Visual Perception, References, On-Line Resources for Perception and Vision Science, Glossary, Author and Subject Index.
700 1# - ΠΡΟΣΘΕΤΗ ΑΝΑΓΡΑΦΗ--ΦΥΣΙΚΟ ΠΡΟΣΩΠΟ
Personal name Bruce Vicki
9 (RLIN) 69
700 1# - ΠΡΟΣΘΕΤΗ ΑΝΑΓΡΑΦΗ--ΦΥΣΙΚΟ ΠΡΟΣΩΠΟ
Personal name Georgeson Mark A
9 (RLIN) 70
700 1# - ΠΡΟΣΘΕΤΗ ΑΝΑΓΡΑΦΗ--ΦΥΣΙΚΟ ΠΡΟΣΩΠΟ
Personal name Green Patrick
9 (RLIN) 71
942 ## - ADDED ENTRY ELEMENTS (KOHA)
Koha item type Books
Holdings
Τύπος τεκμηρίου Βιβλιοθήκη Τρέχουσα τοποθεσία Barcode Αριθμός εισαγωγής Ημερομηνία απόκτησης Ταξιθετικό σύμβολο Αριθμός αντιτύπου Κατάσταση απόσυρσης Κατάσταση χαμένου Κατάσταση κατεστραμμένου Μη δανεισμός Σύνολο δανεισμών Ημερομηνία τελευταίας εμφάνισης Η τιμή ισχύει από
Books MC Athens Campus Library MC Athens Campus Library 9780000000514 2416 05/06/2025 152.14 BRU 1           05/06/2025 05/06/2025

MC Athens Campus Library
Πατησίων 94 & Κοδριγκτώνος 13, 104 34
Πελλήνης 8 & Πατησίων 107, 112 51
Τ: +30 210 8899600

MC Thessaloniki Campus Library
Ίωνος Δραγούμη 21, 54625 | Ίωνος Δραγούμη 15, 54625
Τ: +30 2310 287779 – Τ: +30 2314 440300